China's Air Power and strategies Towards the indian Ocean Region (Record no. 215875)
[ view plain ]
| 000 -LEADER | |
|---|---|
| fixed length control field | 00676nam a2200205 4500 |
| 005 - DATE AND TIME OF LATEST TRANSACTION | |
| control field | 20260413152705.0 |
| 010 ## - LCCN (DPL NO) | |
| LC control number | ENG-148271 |
| 020 ## - INTERNATIONAL STANDARD BOOK NUMBER | |
| International Standard Book Number | 9788197321429 |
| Terms of availability | 1780.00 |
| 035 ## - SYSTEM CONTROL NUMBER | |
| System control number | EN-131803 |
| 037 ## - SOURCE OF ACQUISITION | |
| Source of stock number/acquisition | DBAD |
| 082 ## - DEWEY DECIMAL CLASSIFICATION NUMBER | |
| Edition number | 2024 |
| Classification number | 302.091824 |
| 100 ## - MAIN ENTRY--PERSONAL NAME | |
| Personal name | Payl, Joshy M. |
| 245 ## - TITLE STATEMENT | |
| Title | China's Air Power and strategies Towards the indian Ocean Region |
| Statement of responsibility, etc | Joshy M. Paul |
| 250 ## - EDITION STATEMENT | |
| Edition statement | 2024 |
| 260 ## - PUBLICATION, DISTRIBUTION, ETC. (IMPRINT) | |
| Place of publication, distribution, etc | Daryaganj |
| Name of publisher, distributor, etc | kalpana Shukla |
| 270 ## - ADDRESS | |
| Address | 4676/21, first floor, Ansari Road |
| City | New delhi |
| Postal code | 110002 |
| Telephone number | 1143528107 |
| Electronic mail address | production@kwpub.in |
| 300 ## - PHYSICAL DESCRIPTION | |
| Extent | 254.pg |
| Dimensions | 23cm(hb) |
| 700 ## - ADDED ENTRY--PERSONAL NAME | |
| Personal name | Joshy M. Paul |
| 9 (RLIN) | 88893 |
| 942 ## - ADDED ENTRY ELEMENTS (KOHA) | |
| Source of classification or shelving scheme | Dewey Decimal Classification |
| Item type | English Books |
| Edition | 2024 |
| Classification part | 302.o91824 |
| Call number suffix | PAU |
| Withdrawn status | Lost status | Not for loan | Collection code | Home library | Current library | Date acquired | Source of acquisition | Cost, normal purchase price | Full call number | Barcode | Copy number | Cost, replacement price | Koha item type |
|---|---|---|---|---|---|---|---|---|---|---|---|---|---|
| Not For Loan | Non-fiction | D.B.Act.Division | D.B.Act.Division | 13/04/2026 | DBAD | 1780.00 | 302.o91824 PAU | EN-131803 | 1 | 1780.00 | English Books |
